| 000 | 00362nmm a2200145 a 4500 | ||
|---|---|---|---|
| 003 | AR-BaBNM | ||
| 005 | 20251128202651.0 | ||
| 008 | 013119s[18- ||||||||||||||000 | spa|| | ||
| 040 | _cAR-BaBNM | ||
| 100 | 1 | _aDhanys, Marcel | |
| 245 | 1 | 0 | _aDiario de una pensionista de Port-Royal |
| 260 |
_a[S.l.] _bSociedad de ediciones _c[18--] |
||
| 942 | _cBK | ||
| 998 | _cJacobzon | ||
| 999 |
_c48 _d48 |
||